Non-JetPunk Countries Recognized by the Department of State - Statistics

General Stats
  • This quiz has been taken 61 times
  • The average score is 10 of 35
Answer Stats
Sovereign Nation Answer % Correct
Bosnia and Herzegovina,Croatia, North Macedonia, Montenegro, Serbia, Slovenia Yugoslavia
96%
Russia, Estonia, Latvia,Lithuania, Belarus, Ukraine, Moldova, Georgia, Armenia, Azerbaijan, Kazakhstan, Kyrgyzstan, Uzbekistan, Turkmenistan, Tajikistan USSR
87%
Czechia, Slovakia Czechoslovakia
83%
North Korea, South Korea Korea
72%
Germany Bavaria
64%
Germany East Germany
57%
Germany Baden
47%
Costa Rica, Honduras,El Salvador, Guatemala, Nicaragua Central American Federation
47%
Vatican City, Italy Papal States
47%
Germany Hesse
38%
Germany Württemberg
38%
United States Texas
36%
United States Hawaii
30%
Austria, Germany, Italy,Slovenia, Croatia, Bosnia, Hungary, Czechia, Slovakia, Poland, Serbia, Ukraine, Romania, Montenegro Austrian Empire
25%
Italy Grand Duchy of Tuscany
25%
Germany Hanover
25%
Germany Mecklenburg-Schwerin
23%
Germany Mecklenburg-Strelitz
23%
Japan Lew Chew
17%
Italy Two Sicilies
17%
Germany Brunswick and Lüneburg
15%
South Africa Orange Free State
15%
Italy Republic of Genoa
15%
Italy Duchy of Parma
11%
Germany Oldenburg
11%
Serbia, North Macedonia,Kosovo Kingdom of Serbia
9%
Germany Nassau
9%
Germany North German Confederation
8%
Germany Schaumburg-Lippe
8%
United Kingdom Cayman Islands
6%
Dem. Rep. of Congo Congo Free State
6%
Italy Piedmont-Sardinia
6%
Germany Federal Government of Germany
4%
Germany Hanseatic Republics
4%
Germany North German Union
4%
No matching quizzes found
Score Distribution
Percent of People with Each Score
Percentile by Number Answered
Your Score History
You have not taken this quiz